El jazz: de Nueva Orleans a los años ochenta

Gardado en:
Detalles Bibliográficos
Autor Principal: Berendt, Joachim Ernst (Author)
Formato: Libro
Idioma:Lingua castelá
Publicado: Ciudad de México Fondo de Culura Económica 1998
Edición:4a. ed
Series:Colección Popular, 39
Subjects:
Tags: Engadir etiqueta
Sen Etiquetas, Sexa o primeiro en etiquetar este rexistro!

MARC

LEADER 00000nam a2200000 a 4500
001 UCM6496
003 CL-VaPUC
008 021108e19980000MX |||||||||||||||||spa|d
082 0 4 |a 781.65  |b BER  |2 21 
100 0 |a Berendt, Joachim Ernst  |e author  |9 472425 
245 1 3 |a El jazz: de Nueva Orleans a los años ochenta 
250 |a 4a. ed 
300 |a 901 p 
942 |c BK 
945 |d 20021108 00:00:00  |a cmena 
260 |a Ciudad de México  |b Fondo de Culura Económica  |c 1998 
650 0 |a Historia del jazz  |9 472426 
650 0 |a Jazz  |9 350487 
651 7 |a NUEVA ORLEANS  |2 CL-VaPUC  |9 459798 
651 0 |a Estados Unidos  |9 255178 
583 |a last modification  |c 20021108 00:00:00  |k Rodrigo Vera 
490 0 |a Colección Popular, 39 
999 |c 301890  |d 301888